Návrh kamerovej kontroly pri montáži svetlometov

Na minha lista:
Detalhes bibliográficos
Autor principal: Nedelka, Erik (Author)
Outros Autores: Václav, Štefan (Thesis advisor)
Formato: Manuscrito Livro
Idioma:eslovaco
Publicado em: 2021
Assuntos:
Acesso em linha:http://is.stuba.sk/zp/portal_zp.pl?podrobnosti=153415
Tags: Adicionar Tag
Sem tags, seja o primeiro a adicionar uma tag!

MARC

LEADER 00000ntm a22000003a 4500
001 stuzp83910
003 SK-STU
005 20210703212340.2
007 ta
008 150427s2015----xo-----f-mn---000-0-slo-d
040 |a STU  |b slo 
041 0 |a slo 
100 1 |a Nedelka, Erik  |u 063000  |4 aut  |U MTF Materiálovotechnologická fakulta  |T MTF Ústav výrobných technológií  |X 99665  |U M3000  |Y 83  |7 99665 
242 0 1 |a Design of camera control during the installation of headlights  |y eng 
245 1 0 |a Návrh kamerovej kontroly pri montáži svetlometov 
260 |c 2021 
650 4 |a Kamerový systém  |2 slo 
650 4 |a Kontrola kvality  |2 slo 
650 4 |a Montáž  |2 slo 
650 4 |a Kamerová kontrola  |2 slo 
650 4 |a Assembly  |2 eng 
650 4 |a Camera system  |2 eng 
650 4 |a Camera control  |2 eng 
650 4 |a Quality control  |2 eng 
700 1 |a Václav, Štefan  |u 063600  |k Z1  |4 ths  |U MTF Ústav výrobných technológií  |T MTF Katedra obrábania a tvárnenia  |X 2778  |U M3600  |Y 841  |7 A000002778 
856 4 |u http://is.stuba.sk/zp/portal_zp.pl?podrobnosti=153415 
996 |c M* BP-9158  |l MMSKP  |s P  |a 0  |w stuzp83910_0001